Kong xue tong quan /

Saved in:
Bibliographic Details
Main Author: Li, Huan.
Format: Book
Language:Chinese
Published: [Taibei] : Zhongguo wen hua xue hui, Min guo 42 [1953]
Series:Zhongguo wen hua cong shu ; di 1 zhong.
Subjects:
Tags: Add Tag
No Tags, Be the first to tag this record!
LEADER 01037cam a2200289 i 4500
001 007724548-2
005 20024617112705.0
008 980302s1953 ch a 000 0 chi
010 |a c 64001253 
035 0 |a ocm38530431 
040 |a DLC  |c *YNH*  |d CStRLIN 
050 0 0 |a B128.C8  |b L49 
100 1 |6 880-01  |a Li, Huan. 
245 1 0 |6 880-02  |a Kong xue tong quan /  |c Li Huan zhu ; Wu Jingming jiao ding. 
260 |6 880-03  |a [Taibei] :  |b Zhongguo wen hua xue hui,  |c Min guo 42 [1953] 
300 |a 1 v. (various pagings) :  |b ill. ;  |c 19 cm. 
490 1 |6 880-04  |a Zhongguo wen hua cong shu ;  |v di 1 zhong 
500 |a Cover title. 
650 0 |a Confucius and Confucianism. 
880 1 |6 100-01  |a 李寰. 
880 1 0 |6 245-02  |a 孔學通詮 /  |c 李寰著 ; 吳經明校訂. 
880 |6 260-03  |a [臺北] :  |b 中國文化學會,  |c 民國42 [1953] 
880 1 |6 490-04  |a 中國文化叢書 ;  |v 第1種 
830 0 |6 880-54  |a Zhongguo wen hua cong shu ;  |v di 1 zhong. 
880 0 |6 830-54  |a 中國文化叢書 ;  |v 第1種. 
988 |a 20021121 
906 |0 DLC